| 000 | 00742nas a2200253 4500 | ||
|---|---|---|---|
| 001 | BR9901497 | ||
| 003 | BR-BrBNA | ||
| 005 | 20231205101329.0 | ||
| 007 | ta | ||
| 008 | 230509b bl.|||p| |||| 00| 00por d | ||
| 040 |
_aBR-BrBNA _bpor _cBiblioteca Nacional de Agricultura |
||
| 041 | _a(Pt) | ||
| 072 | _aL53 | ||
| 100 | 1 | _aLennoz-Roland, M. | |
| 245 | 1 | _aMortalidade de caes recem-nascidos: influencia da gestacao, parto e aleitamento | |
| 650 | _aCao | ||
| 650 | _aPrenhez | ||
| 650 | _aParto | ||
| 650 | _aAleitamento | ||
| 650 | _aMortalidade Animal | ||
| 773 | 0 |
_tHora Veterinaria (Brazil) _xISSN 0101-9163 _g(Nov-Dec 1999), v. 18(107) p. 45-51 _wBR9901497 |
|
| 909 |
_a202311 _bLúcia _c55 _dLúcia Elande |
||
| 942 |
_2AGRIS _n0 _cANA |
||
| 999 |
_c161175 _d161175 |
||